Facts are facts: the untold story of India's partition (Record no. 348004)

000 -LEADER
fixed length control field 00351cam a22001217a 4500
008 - FIXED-LENGTH DATA ELEMENTS--GENERAL INFORMATION
fixed length control field 180718b1987 xxu||||| |||| 00| 0 eng d
082 ## - DEWEY DECIMAL CLASSIFICATION NUMBER
Classification number A6x5407 K527
100 ## - MAIN ENTRY--PERSONAL NAME
Personal name Khan, Wali
245 ## - TITLE STATEMENT
Title Facts are facts: the untold story of India's partition
Statement of responsibility, etc. by Wali Khan
260 ## - PUBLICATION, DISTRIBUTION, ETC.
Place of publication, distribution, etc. Delhi
Name of publisher, distributor, etc. Vikas
Date of publication, distribution, etc. 1987
300 ## - PHYSICAL DESCRIPTION
Extent 182p.
650 ## - SUBJECT ADDED ENTRY--TOPICAL TERM
Topical term or geographic name entry element India - History , 1858-1947
Holdings
Withdrawn status Lost status Damaged status Not for loan Permanent Location Current Location Date acquired Full call number Barcode Date last seen Price effective from Koha item type
        Indian Institute of Public Administration Indian Institute of Public Administration 1993-10-21 A6x5407 K527 63174 2018-07-21 2018-07-21 Book

Powered by Koha